000 00306nam a22001097a 4500
999 _c64673
_d64670
100 _aWahid Bakhsh Lakhan
_a15EL67
245 _aExperimental setup of passive filter for harmonic reduction
260 _aNawabshah
_bQUEST
_c2019
300 _a56
700 _aDepartment of Electrical Engineering
942 _cBK